Call Yourself Gay? - Statistics

General Stats
  • This quiz has been taken 113 times
  • The average score is 5 of 20
Answer Stats
Hint Answer % Correct
Which was the first country to legalize same sex marriage? Netherlands
73%
If you are HIV positive, taking combination medication and the virus is non-detectable can you pass the virus on? No
65%
1978 saw the adoption of what symbol to represent the LGBT+ community? Rainbow
53%
What year were the Stonewall riots? 1969
49%
Which is the first Orthodox country to legalize same sex marriage in February 2024? Greece
34%
In which year was openly gay US politician Harvey Milk assassinated? 1978
31%
What year was homosexual sex decriminalized in the UK? 1967
28%
In which country was singer KD Lang born? Canada
27%
Drag Queen who had several chart hits around the world and also starred in many John Waters films Divine
22%
What is the name of the secret gay language which was used before homosexuality was decriminalized? Polari
16%
US singer who had hits with Dance (Disco Heat) & You Make Me Feel (Mighty Real) Sylvester
15%
Which London gay club opened in 1979? Heaven
14%
Which UK group became gay icons when they released a dance version of the song Venus Bananarama
12%
Bette Midler started her career working in what type of gay venue? Bathhouse
11%
Policeman, Cowboy, Leatherman, Native American, Construction Worker .. which 'role' of the Village People is missing? Soldier
8%
Who was the first UK first division footballer to come out as gay? Justin Fashanu
6%
Which singer released the song 'The Killing Of Georgie' a tragic song about the life and death of a friend of his? Rod Stewart
6%
Singer who had a hit with the 1984 song High Energy which helped bring gay disco to the masses Evelyn Thomas
5%
As an acronym what is the word gay rumoured to mean? Good As You
5%
Which group had hits with a disco version of Can't Take My Eyes Off You and the controversial Cruising The Streets? Boystown Gang
2%
No matching quizzes found
Score Distribution
Percent of People with Each Score
Percentile by Number Answered
Your Score History
You have not taken this quiz